The war romance of the Salvation Army / (Record no. 2617)

MARC details
000 -LEADER
fixed length control field 02023cam a22003011 4500
001 - CONTROL NUMBER
control field 2617
003 - CONTROL NUMBER IDENTIFIER
control field FISKH
005 - DATE AND TIME OF LATEST TRANSACTION
control field 20240104161237.0
007 - PHYSICAL DESCRIPTION FIXED FIELD--GENERAL INFORMATION
fixed length control field cr_|||||||||||
008 - FIXED-LENGTH DATA ELEMENTS--GENERAL INFORMATION
fixed length control field 730502s1919 paucfh 000 0 eng
010 ## - LIBRARY OF CONGRESS CONTROL NUMBER
LC control number 19026539
020 ## - INTERNATIONAL STANDARD BOOK NUMBER
International Standard Book Number 031809005996
035 ## - SYSTEM CONTROL NUMBER
System control number (OCoLC)615259
040 ## - CATALOGING SOURCE
Original cataloging agency DLC
Transcribing agency OUrC
Modifying agency OCoLC
-- DLC
Language of cataloging eng
050 00 - LIBRARY OF CONGRESS CALL NUMBER
Classification number D639.S15
Item number B6
082 ## - DEWEY DECIMAL CLASSIFICATION NUMBER
Classification number 813
100 1# - MAIN ENTRY--PERSONAL NAME
Personal name Booth, Evangeline,
Dates associated with a name 1865-1950.
245 14 - TITLE STATEMENT
Title The war romance of the Salvation Army /
Statement of responsibility, etc. by Evangeline Booth and Grace Livingston Hill
250 ## - EDITION STATEMENT
Edition statement Tyndale House editions 1991
260 ## - PUBLICATION, DISTRIBUTION, ETC.
Place of publication, distribution, etc. Illinois :
Name of publisher, distributor, etc. Tyndale House,
Date of publication, distribution, etc. 1991
300 ## - PHYSICAL DESCRIPTION
Extent 329 pages :
Dimensions 18 cm
520 ## - SUMMARY, ETC.
Summary, etc. Grace Livingston Hill (1865-1947) was an early 20th Century "Christian Romance" novelist. She was immensely popular in the time that she wrote, contributing hundreds of novels and short stories during her lifetime. Her characters were most often young female ingenues, frequently strong Christian women or those who become so within the confines of the story. Graces messages are quite simplistic in nature: good versus evil. As Grace believed the Bible was very clear about what was good and what was evil in life, she reflected that cut-and-dried design in her own works. She touched on subjects such as infidelity, defiance, hard-heartedness towards God, and deception, to name just a few. Grace wrote about them all and could manage a happy, or at least satisfactory, ending to any situation. Jesus, the ever-present (though unseen) reoccurring character, manages to heal or mend any situation Grace imagined. It was no wonder that in her days she was known as the "Queen of Christian Romance. " Her works include: The Girl from Montana (1908), The Mystery of Mary (1911) and Lo, Michael (1913).
530 ## - ADDITIONAL PHYSICAL FORM AVAILABLE NOTE
Additional physical form available note Also available in digital form.
650 #0 - SUBJECT ADDED ENTRY--TOPICAL TERM
Topical term or geographic name entry element World War, 1914-1918
General subdivision War work
-- Salvation Army.
700 1# - ADDED ENTRY--PERSONAL NAME
Personal name Hill, Grace Livingston,
Dates associated with a name 1865-1947.
906 ## - LOCAL DATA ELEMENT F, LDF (RLIN)
a 7
b cbc
c oclcrpl
d u
e ncip
f 19
g y-gencatlg
942 ## - ADDED ENTRY ELEMENTS (KOHA)
Source of classification or shelving scheme Dewey Decimal Classification
Koha item type Books
Suppress in OPAC No
Holdings
Withdrawn status Lost status Source of classification or shelving scheme Damaged status Not for loan Collection Home library Current library Shelving location Date acquired Total Checkouts Full call number Barcode Date last seen Price effective from Koha item type
    Dewey Decimal Classification     Fiction Footprints International School Library Network Toul Kork Campus Footprints International School Library Network Toul Kork Campus   01/04/2024   HIL Fic PS3515.I485 FIS00818 01/04/2024 01/04/2024 Books